000
00434nam a2200133Ia 4500
008
151001s9999||||xx |||||||||||||| ||und||
100
_a
राजेंद्र चंद्रकांत राय
245
_a
सामान्य पर्यावरण ज्ञान
250
_a
1
260
_b
भारतीय प्रकाशन संस्था
260
_c
2005
300
_a
128
365
_b
21
999
_c
984163
_d
984160